Bài giảng mỹ học đại cương

Bài giảng Mỹ học đại cương giới thiệu các nội dung Mỹ học là gì? Ý thức thẩm mỹ, các phạm trù Mỹ học cơ bản, bản chất và chức năng của nghệ thuật và đặc trưng của nghệ thuật.

Na minha lista:
Detalhes bibliográficos
Autor principal: Nguyễn, Hoa Bằng
Formato: Livro
Idioma:Undetermined
Publicado em: Cần Thơ Trường Đại học Cần Thơ 2002
Assuntos:
Tags: Adicionar Tag
Sem tags, seja o primeiro a adicionar uma tag!
Thư viện lưu trữ: Trung tâm Học liệu Trường Đại học Cần Thơ
LEADER 00937nam a2200217Ia 4500
001 CTU_51445
008 210402s9999 xx 000 0 und d
082 |a 111.85 
082 |b B116 
100 |a Nguyễn, Hoa Bằng 
245 0 |a Bài giảng mỹ học đại cương 
245 0 |c Nguyễn Hoa Bằng 
260 |a Cần Thơ 
260 |b Trường Đại học Cần Thơ 
260 |c 2002 
520 |a Bài giảng Mỹ học đại cương giới thiệu các nội dung Mỹ học là gì? Ý thức thẩm mỹ, các phạm trù Mỹ học cơ bản, bản chất và chức năng của nghệ thuật và đặc trưng của nghệ thuật. 
526 |a Giá trị thẩm mỹ và giá trị nghệ thuật 
526 |b XH606 
650 |a Aesthetics 
904 |i Thùy Trang (sửa) 
980 |a Trung tâm Học liệu Trường Đại học Cần Thơ